NFL Draft 2000 Quarterbacks Drafted - Statistics

General Stats
  • This quiz has been taken 11 times
  • The average score is 4 of 12
Answer Stats
Round Player Team College % Correct
1 Chad Pennington Jets Marshall
100%
6 Tom Brady Patriots Michigan
90%
6 Marc Bulger Saints West Virginia
40%
3 Chris Redman Ravens Louisville
30%
3 Giovanni Carmazzi 49ers Hofstra
30%
6 Spergon Wynn Browns Southwest Texas State
30%
5 Tee Martin Steelers Tennessee
30%
7 Jarious Jackson Broncos Notre Dame
20%
6 JaJuan Seider Chargers Florida A&M
10%
7 Joe Hamilton Buccaneers Georgia Tech
10%
7 Tim Rattay 49ers Louisiana Tech
10%
6 Todd Husak Redskins Stanford
10%
No matching quizzes found
Score Distribution
Percent of People with Each Score
Percentile by Number Answered
Your Score History
You have not taken this quiz